| 000 | 00474nam a2200157Ia 4500 | ||
|---|---|---|---|
| 008 | 151021s9999 xx 000 0 und d | ||
| 020 | _a8131510190 | ||
| 050 | _aHF 1515.2.C 2009 | ||
| 245 | _a_Marketing Research A south Asian Perpective Gilbert A Churchill,Jr | ||
| 260 | _aIndia Cengage Learning 2010 | ||
| 300 | _axxvi,687p. | ||
| 500 | _aIncludes index. | ||
| 500 | _aIncludes index. | ||
| 650 | _a_marketing research. | ||
| 980 | _a^d20140715 11:30:53^okorir | ||
| 999 |
_c13113 _d13113 |
||